000 00437nam a2200157Ia 4500
008 230917s9999||||xx |||||||||||||| ||und||
040 _e229058
_aMAIN
041 _aEnglish
082 _a005.1 K786A(3)
100 _aKnuth, Donald E Harrison
245 0 _aArt of computer programming. V2- Seminumerical algorithms
250 _a3rd ed.
260 _aNoida
_bDorling Kindersley (India)
_c2013
300 _axiii, 762 p.
942 _cBK
999 _c180241
_d180241